000 00670nam a2200241Ia 4500
003 OSt
005 20220928112716.0
006 a|||||r|||| 00| 0
007 ta
008 220927b |||||||| |||| 00| 0 eng d
024 _a36193
037 _cTextual
040 _aSDCL
_cSDCL
_beng
041 _2eng
_aeng
082 _aX9(J):51.1(X)'N, M5
100 _aKahlon A S
_9429355
245 0 _aAgricultual marketing and price policies
260 _aNew Delhi
_bAllied Publishers
_c1985
300 _av,283p
_ccm.
700 _a George M V
_9429356
942 _hX9(J):51.1(X)'N, M5
_cTEXL
_2CC
999 _c745890
_d745890